<?xml version="1.0" encoding="UTF-8"?>
<collection xmlns:xsi="http://www.w3.org/2001/XMLSchema-instance" xsi:schemaLocation="http://www.loc.gov/MARC21/slim http://www.loc.gov/standards/marcxml/schema/MARC21slim.xsd" xmlns="http://www.loc.gov/MARC21/slim">
 <record>
  <leader>00000ctm a22000003a 4500</leader>
  <controlfield tag="001">UP-99796217609008715</controlfield>
  <controlfield tag="003">Buklod</controlfield>
  <controlfield tag="005">20090923084149.0</controlfield>
  <controlfield tag="006">a     r    |||| u|</controlfield>
  <controlfield tag="007">ta</controlfield>
  <controlfield tag="008">090923s2006    xx     d     r    |||| u|</controlfield>
  <datafield tag="035" ind1=" " ind2=" ">
   <subfield code="a">(iLib)UPD-00107903235</subfield>
  </datafield>
  <datafield tag="040" ind1=" " ind2=" ">
   <subfield code="a">DEDUC</subfield>
  </datafield>
  <datafield tag="041" ind1=" " ind2=" ">
   <subfield code="a">eng</subfield>
  </datafield>
  <datafield tag="042" ind1=" " ind2=" ">
   <subfield code="a">DMLUC</subfield>
  </datafield>
  <datafield tag="090" ind1=" " ind2="0">
   <subfield code="a">LG 995 2006 E34</subfield>
   <subfield code="b">R34</subfield>
  </datafield>
  <datafield tag="100" ind1="1" ind2=" ">
   <subfield code="a">Ramirez, Jerry P.</subfield>
  </datafield>
  <datafield tag="245" ind1="1" ind2="0">
   <subfield code="a">Instructional games</subfield>
   <subfield code="b">effect on achievement and attitude of elementary social studies pupils</subfield>
   <subfield code="c">Jerry P. Ramirez.</subfield>
  </datafield>
  <datafield tag="264" ind1=" " ind2="1">
   <subfield code="c">2006.</subfield>
  </datafield>
  <datafield tag="300" ind1=" " ind2=" ">
   <subfield code="a">xii, 170 leaves</subfield>
  </datafield>
  <datafield tag="502" ind1=" " ind2=" ">
   <subfield code="a">Thesis (M.A. Social Studies Education)--University of the Philippines, Diliman.</subfield>
  </datafield>
  <datafield tag="520" ind1=" " ind2=" ">
   <subfield code="a">This study primarily aimed to determine the effectiveness of instructional games in terms of manageability given the constraints of ordinary classroom setting and their effects on the academic achievement and attitude of grade 6 pupils. Thirty-two grade six pupils of Pawa Elementary School, Legaspi City were engaged in the instructional games geared to effect significant improvements in Social Studies. Another 32 was taught using conventional method. Results showed that pupils taught using instructional games gained significantly more knowledge and positive attitude towards          Elementary Social Studies than those taught in the conventional way. Social Studies teachers are encouraged to use instructional games in teaching HKS 6 to improve the academic performance of the learners.</subfield>
  </datafield>
  <datafield tag="650" ind1=" " ind2="0">
   <subfield code="a">Educational games</subfield>
   <subfield code="z">Philippines</subfield>
   <subfield code="z">Legazpi City (Albay)</subfield>
  </datafield>
  <datafield tag="650" ind1=" " ind2="0">
   <subfield code="a">Social sciences</subfield>
   <subfield code="x">Study and teaching (Elementary)</subfield>
   <subfield code="z">Philippines</subfield>
   <subfield code="z">Legazpi City (Albay)</subfield>
  </datafield>
  <datafield tag="650" ind1=" " ind2="0">
   <subfield code="a">Social sciences</subfield>
   <subfield code="x">Study and teaching (Elementary)</subfield>
   <subfield code="x">Activity programs</subfield>
   <subfield code="z">Philippines</subfield>
   <subfield code="z">Legazpi City (Albay)</subfield>
  </datafield>
  <datafield tag="650" ind1=" " ind2="0">
   <subfield code="a">Teaching</subfield>
   <subfield code="z">Philippines</subfield>
   <subfield code="z">Legazpi City (Albay)</subfield>
   <subfield code="x">Aids and devices.</subfield>
  </datafield>
  <datafield tag="650" ind1=" " ind2="0">
   <subfield code="a">School children</subfield>
   <subfield code="z">Philippines</subfield>
   <subfield code="z">Legazpi City (Albay)</subfield>
   <subfield code="x">Attitudes.</subfield>
  </datafield>
  <datafield tag="691" ind1="2" ind2="4">
   <subfield code="a">Pawa Elementary School (Legazpi City)</subfield>
   <subfield code="x">Students.</subfield>
  </datafield>
  <datafield tag="905" ind1=" " ind2=" ">
   <subfield code="a">FI</subfield>
  </datafield>
  <datafield tag="905" ind1=" " ind2=" ">
   <subfield code="a">UP</subfield>
  </datafield>
  <datafield tag="852" ind1="0" ind2=" ">
   <subfield code="a">UPD</subfield>
   <subfield code="b">DARCHIVES</subfield>
   <subfield code="h">LG 995 2006 E34</subfield>
   <subfield code="i">R34</subfield>
  </datafield>
  <datafield tag="852" ind1="0" ind2=" ">
   <subfield code="a">UPD</subfield>
   <subfield code="b">DEDUC</subfield>
   <subfield code="h">LG 995 2006</subfield>
   <subfield code="i">E34 R34</subfield>
  </datafield>
  <datafield tag="942" ind1=" " ind2=" ">
   <subfield code="a">Thesis</subfield>
  </datafield>
 </record>
</collection>
